|
|
|
|
| LEADER |
00000cam a22000004a 4500 |
| 001 |
musev2_70664 |
| 003 |
MdBmJHUP |
| 005 |
20230905051303.0 |
| 006 |
m o d |
| 007 |
cr||||||||nn|n |
| 008 |
090217s2008 ncu o 00 0 eng d |
| 020 |
|
|
|a 9780822390077
|
| 020 |
|
|
|z 9780822343714
|
| 020 |
|
|
|z 9780822343493
|
| 035 |
|
|
|a (OCoLC)308707048
|
| 040 |
|
|
|a MdBmJHUP
|c MdBmJHUP
|
| 100 |
1 |
|
|a Nelson, Christopher T.,
|d 1961-
|
| 245 |
1 |
0 |
|a Dancing with the Dead :
|b Memory, Performance, and Everyday Life in Postwar Okinawa /
|c Christopher T. Nelson.
|
| 264 |
|
1 |
|a Durham :
|b Duke University Press,
|c 2008.
|
| 264 |
|
3 |
|a Baltimore, Md. :
|b Project MUSE,
|c 2020
|
| 264 |
|
4 |
|c ©2008.
|
| 300 |
|
|
|a 1 online resource (288 pages):
|b illustrations
|
| 336 |
|
|
|a text
|b txt
|2 rdacontent
|
| 337 |
|
|
|a computer
|b c
|2 rdamedia
|
| 338 |
|
|
|a online resource
|b cr
|2 rdacarrier
|
| 490 |
0 |
|
|a Asia-Pacific
|
| 505 |
0 |
|
|a Fujiki Hayato, the storyteller -- The heritage of his times: Teruya Rinsuke and ethnographic storytelling -- The classroom of the everyday: Fujiki Hayato and his "Shima to asobimanabu" seminar -- In a samurai village -- Dances of memory, dances of oblivion -- In the darkness of the lived moment.
|
| 520 |
|
|
|a Ethnography that explores the interrelationship among wartime trauma, memory, and social life through forms of ritual and popular performance in postwar Okinawa.
|
| 546 |
|
|
|a English.
|
| 588 |
|
|
|a Description based on print version record.
|
| 650 |
|
7 |
|a Darstellende Kunst
|2 gnd
|
| 650 |
|
7 |
|a Kollektives Gedächtnis
|2 gnd
|
| 650 |
|
7 |
|a Performing arts.
|2 fast
|0 (OCoLC)fst01057887
|
| 650 |
|
7 |
|a Ethnology.
|2 fast
|0 (OCoLC)fst00916106
|
| 650 |
|
7 |
|a Arts and history.
|2 fast
|0 (OCoLC)fst01737647
|
| 650 |
|
7 |
|a SOCIAL SCIENCE
|x Anthropology
|x Cultural.
|2 bisacsh
|
| 650 |
|
7 |
|a SPORTS & RECREATION
|x General.
|2 bisacsh
|
| 650 |
|
6 |
|a Ethnologie
|z Japon
|z Okinawa (Ken)
|
| 650 |
|
6 |
|a Arts et histoire
|z Japon
|z Okinawa (Ken)
|
| 650 |
|
6 |
|a Arts du spectacle
|z Japon
|z Okinawa (Ken)
|
| 650 |
|
0 |
|a Ethnology
|z Japan
|z Okinawa-ken.
|
| 650 |
|
0 |
|a Arts and history
|z Japan
|z Okinawa-ken.
|
| 650 |
|
0 |
|a Performing arts
|z Japan
|z Okinawa-ken.
|
| 651 |
|
7 |
|a Okinawa
|2 gnd
|
| 651 |
|
7 |
|a Japan
|z Okinawa-ken.
|2 fast
|0 (OCoLC)fst01207860
|
| 651 |
|
6 |
|a Okinawa (Japon : Ken)
|x Histoire
|y 20e siecle.
|
| 651 |
|
0 |
|a Okinawa-ken (Japan)
|x History
|y 20th century.
|
| 655 |
|
7 |
|a History.
|2 fast
|0 (OCoLC)fst01411628
|
| 655 |
|
7 |
|a Electronic books.
|2 local
|
| 710 |
2 |
|
|a Project Muse.
|e distributor
|
| 830 |
|
0 |
|a Book collections on Project MUSE.
|
| 856 |
4 |
0 |
|z Texto completo
|u https://projectmuse.uam.elogim.com/book/70664/
|
| 945 |
|
|
|a Project MUSE - Custom Collection
|